Adam ze Zbraslavi a případ královského levobočka : první díl trilogie /
Historický detektivní příběh, jehož děj se odehrává v období po násilné smrti krále Václava III. v roce 1306.
Uloženo v:
| Série: | V královských službách,
část 1 |
|---|---|
| Hlavní autor: | |
| Médium: | E-kniha |
| Jazyk: | Czech |
| Vydáno: |
V Praze :
Vyšehrad,
2021
|
| Vydání: | Vydání první |
| Edice: | Historická detektivka
|
| Témata: | |
| Příbuzné jednotky: | Z cyklu::
V královských službách |
| Tagy: |
Žádné tagy |
| LEADER | 02447nam a2200481 i 4500 | ||
|---|---|---|---|
| 001 | 312376 | ||
| 003 | CZ PrSKC | ||
| 005 | 20260601215721.0 | ||
| 007 | ta | ||
| 008 | 210604s2021 xr g 000 f cze | ||
| 015 | |a cnb003326766 | ||
| 020 | |a 9788076014619 |q (vázáno) : |c Kč 299,00 | ||
| 035 | |a (OCoLC)1263273625 | ||
| 040 | |a ABG001 |b cze |d ABA001 |e rda | ||
| 072 | 7 | |a 821.162.3-3 |x Česká próza |2 Konspekt | |
| 080 | |a 821.162.3-31 |2 MRF | ||
| 080 | |a (0:82-312.4) |2 MRF | ||
| 080 | |a (0:82-311.6) |2 MRF | ||
| 100 | 1 | |a Whitton, Hana, |d 1950- |7 jn19981001688 |4 aut | |
| 245 | 1 | 0 | |a Adam ze Zbraslavi a případ královského levobočka : |b první díl trilogie / |c Hana Whitton |
| 250 | |a Vydání první | ||
| 264 | 1 | |a V Praze : |b Vyšehrad, |c 2021 | |
| 300 | |a 213 stran ; |c 21 cm | ||
| 336 | |a text |b txt |2 rdacontent | ||
| 337 | |a bez média |b n |2 rdamedia | ||
| 338 | |a svazek |b nc |2 rdacarrier | ||
| 490 | 1 | |a Historická detektivka | |
| 500 | |a Dotisk v roce 2022 | ||
| 520 | 2 | |a Historický detektivní příběh, jehož děj se odehrává v období po násilné smrti krále Václava III. v roce 1306. |b Adam ze Zbraslavi je nejen Václavovým kumpánem při bujarých nočních jízdách, ale i oddaným služebníkem a důvěrníkem. Krátce před tragickými událostmi v Olomouci se mu panovník svěří, že je otcem dcery Alžběty. Ta se po jeho smrti stává terčem úkladů. V jejím okolí přibývá mrtvých a Adam musí celou záležitost objasnit dříve, než bude ohrožen i její život. | |
| 655 | 7 | |a české romány |7 fd133974 |2 czenas | |
| 655 | 7 | |a detektivní romány |7 fd132010 |2 czenas | |
| 655 | 7 | |a historické romány |7 fd132414 |2 czenas | |
| 655 | 9 | |a Czech fiction |2 eczenas | |
| 655 | 9 | |a detective novels |2 eczenas | |
| 655 | 9 | |a historical novels |2 eczenas | |
| 787 | 0 | 8 | |i Z cyklu: |t V královských službách |g 1 |
| 830 | 0 | |a Historická detektivka | |
| 900 | |a ABA001 |b 20 | ||
| 928 | 9 | |a Albatros Media - Vyšehrad | |
| 044 | |a xr | ||
| 910 | |a RBIT002 | ||
| 998 | |d 404307 |a https://core.palmknihy.cz/api/books/404307/cover?scvn4l |b https://core.palmknihy.cz/api/books/404307/cover/400?scvn4l |c https://core.palmknihy.cz/api/books/404307/cover/50?scvn4l |e 2030-12-31 |g 208 |i 9788076014619 |j https://core.palmknihy.cz/api/books/404307/preview.epub |k https://core.palmknihy.cz/api/books/404307/preview.pdf |l |q 49 |r 1 |s https://www.palmknihy.cz/kniha/404307 |t ebook |y 2021 |z 0 |v V královských službách |w 1 | ||
| 999 | |d 312374 | ||